Quizzes
Events
Quiz Creation
Community
Videos
Private Events
Remove Ads
Sign In
Join for FREE
Feedback
Dark Mode
Quiz Categories
Sports
Geography
Music
Movies
Television
Just For Fun
Miscellaneous
History
Literature
Language
Science
Gaming
Entertainment
Religion
Holiday
For Kids
Quiz Lab
Recent
Popular Today
Quiz Kudos Today
Editor Picks
Curator Picks
Quizzes by...
Day
Popularity
Type
Ratings
Length
Year
Community
Subscriptions
Recent Discussions
Orange Saloon
Badges
Playlists
Quests
Create
Leaderboards
Showdown
Live 5
Trivia Bingo
Activity
Puzzle Library
Sporcle Events
Private Events
Virtual Trivia
Globe League
Become a Host
Pub Owners
SporcleCon
Opinionation
Our Games
Videos
Blog
Mobile Apps
Partnerships
Remove Ads and Go Orange
Feedback
Sports
Athletes
MLB
NBA
NHL
NFL
Soccer
Sports Teams
WWE
NCAA
Football
Premier League
Basketball
Baseball
Hockey
Golf
Tennis
Cricket
Rugby
Auto Racing
Olympics
World Cup
Sports
Athletes
MLB
NBA
NHL
NFL
Soccer
Sports Teams
WWE
NCAA
Football
Premier League
Basketball
Baseball
Hockey
Golf
Tennis
Cricket
Rugby
Auto Racing
Olympics
World Cup
Random Quiz
Search Sporcle
×
Quiz Lab
Quiz Lab
Sports
Football
Type in answers that appear in a list
Type in answers that appear in a list
Classic
Best Score? Go Orange.
Oakland Raiders 2009 Roster Stats
Can you name the Oakland Raiders 2009 Roster?
By
crunk57
15m
60 Questions
461 Plays
461 Plays
461 Plays
Comments
Comments
Give Quiz Kudos
Give Quiz Kudos
-
- Ratings
hide this ad
Replay
Link that replays current quiz
Next Quiz
Link to next quiz in quiz playlist
You Got
0%
They Got
Avg Score
45%
Avg Friend Score
Upgrade to see
Score Distribution
Jump to the score distribution portion of the page
Score
0/60
Timer
15:00
0
Plays Today
position
2009
% Correct
QB
Jamarcus Russell
94.8%
RB
Gary Russell
92%
RB
Darren McFadden
89.6%
P
Shane Lechler
88.5%
K
Sebastian Janikowski
87%
QB
Bruce Gradkowski
78.7%
WR
Darrius Heyward-Bey
75.1%
RB
Michael Bush
74.4%
TE
Zach Miller
73.5%
WR
Nick Miller
72.7%
FS
Michael Huff
70.3%
CB
Nnamdi Asomugha
69%
WR
Louis Murphy
68.1%
DE
Richard Seymour
65.9%
CB
Chris Johnson
64.2%
MLB
Kirk Morrison
64%
G
Robert Gallery
64%
QB
Charlie Frye
63.8%
RB
Justin Fargas
63.1%
DT
Tommy Kelly
59.2%
OLB
Thomas Howard
59%
WR
Johnnie Lee Higgins
56.8%
CB
Stanford Routt
54.7%
C
Chris Morris
54%
SS
Tyvon Branch
53.6%
WR
Chaz Schilens
51%
WR
Javon Walker
46.2%
T
Langston Walker
45.8%
SS
Michael Mitchell
43.6%
OLB
Sam Williams
43.4%
position
2009
% Correct
C
Samson Satele
42.7%
RB
Marcel Reece
39.7%
QB
JP Losman
38.4%
FS
Hiram Eugene
38.2%
LB
Ricky Brown
38.2%
G
Cooper Carlisle
35.6%
LS
John Condo
34.5%
DE
Trevor Scott
34.3%
T
Mario Henderson
34.1%
T
Khalif Barnes
33.8%
TE
Brandon Myers
29.9%
DT
Gerard Warren
29.7%
DE
Matt Shaughnessy
29.5%
TE
Tony Stewart
26%
FB
Luke Lawton
24.5%
WR
Todd Watkins
23.9%
DT
Desmond Bryant
23.6%
FB
Oren O'Neal
23%
DE
Jay Richardson
22.8%
DE
Greg Ellis
21.9%
T
Cornell Green
21.7%
DT
William Joseph
15.4%
DB
Johnathan Holland
13.9%
LB
Isaiah Ekejiuba
13.7%
LB
Slade Norris
13.2%
T
Erik Pears
13.2%
LB
John Alston
12.8%
S
Jerome Boyd
12.1%
DE
Greyson Gunheim
9.3%
LB
David Nixon
6.7%
Quiz Playlist
Details
Report
Send in Message
Add To Playlist
Classic:
Type in answers that appear in a list
Quiz Source
Last Updated: Feb 16, 2017
Quiz Scoreboard
CHALLENGE
Sign Up to Join the Scoreboard
Show All
Scores
Hide
Comments
May contain spoilers
Recently Published
9x9 Crossword: Cartoon Network
by jackfrog10
Miscellaneous
3m
College Basketball Coaching Resumes
by pancakes188
Sports
9m
Billboard Blitz: Fleetwood Mac
by CooCooCachoo
Music
15s
More to Explore
Quiz From the Vault
Featured Blog Post
Where Did the Easter Bunny Come From?
hide this ad
You Might Also Like...
Tags
Football Quiz
Numbers Quiz
2009
Las Vegas Raiders
Oakland
Roster
Today's Top Quizzes in Sports
Browse Sports
hide this ad
Today's Top Quizzes in Football
Browse Football
Top Contributed Quizzes in Sports
1
2022 World Cup Stars
2
Les meilleurs buteurs des matchs entre le PSG et l’OM
3
FIFA Club World Cup Champions
4
Les entraîneurs de l'OM et du PSG au 21e siècle
5
Criteria MLB: Left Handed Sluggers
6
AFC Teams Reveal (Wrong Answers Minefield)
7
2023 MLB Unique Player Accomplishments
8
Players with Multiple 50 Home Run Seasons
9
5-to-1: FBS Animal Nicknames
10
5-to-1: UK Sports Teams
Explore More
Trending Topics
Crossword
Harry Potter
Marvel
NBA
Disney
Anime
Kpop
Soccer
Song
WWE
Pokémon
The Office
Country
NFL
Puzzle
hide this ad
More By:
crunk57
Quiz
Plays
Rating
Category
Featured
Created
Oakland Raiders QBs since 1999
923
3.20
Sports
Feb 2, 2010
Oakland Raiders 2009 Roster
461
5.00
Sports
Jan 9, 2010
Baltimore Orioles Managers
395
4.00
Sports
Feb 8, 2010
Quebec Nordiques Coaches
173
3.67
Sports
Jan 15, 2010
2016 Oakland Raiders Roster
55
5.00
Sports
Jan 8, 2017
Go to Creator's Profile
Score Distribution
Quiz Creator Spotlight
crunk57
Follow
Send a Message
Quizzes Created
-
Created Quiz Play Count
-
More By This Creator
Popular Quizzes Today
1
Find the US States - No Outlines Minefield
2
Find the Countries of Europe - No Outlines Minefield
3
The Countries of the World
4
Find the US States
5
Risky Map Clicking: Biggest States A-Z
6
US States
7
Popular People in 1961
8
Movies - When Are They Set?
More Sports Quizzes
2016 NBA Champions - Cleveland Cavaliers
Curator's Pick
Trending Quizzes
Risky Map Clicking: Least Populous States A-Z
1-10 Letter G Words
1-10 Letter F Words
Risky Map Clicking: Next State Alphabetically
Adjectives in 80s TV Shows
Recently Updated
Leaping Animals
pecheneg
Reality TV Shows (A-Z)
bhenderson79
Rickey Henderson's Hall of Fame Teammates
pecheneg
Champions League XIs: Arsenal
pecheneg
Quick Pick: Celebrities in WWE's Hall of Fame
aduchscher
A-Z Keypad Blitz II
pecheneg
Multiple Oscar Actors
pecheneg
Mystery Phrase Blitz: Oscar 'Best Actors'
pecheneg
F. Scott Fitzgerald Novels
LTH
Pick 3 Villains
ddd62291
Trending Topics
NBA
Harry Potter
Kpop
Marvel
Crossword
Disney
Anime
Puzzle
WWE
NFL
The Office
Country
Song
Pokémon
Soccer
Your Account Isn't Verified!
In order to create a playlist on Sporcle, you need to verify the email address you used during registration. Go to your
Sporcle Settings
to finish the process.
Report this User
Report this user for behavior that violates our
Community Guidelines
.
Details:
Send Report
Go to the Sporcle.com Mobile Site →
Comments